The art and science of 360-degree feedback (Record no. 4805)
[ view plain ]
| 000 -LEADER | |
|---|---|
| fixed length control field | nam a22 7a 4500 |
| 005 - DATE AND TIME OF LATEST TRANSACTION | |
| control field | 20200206110012.0 |
| 008 - FIXED-LENGTH DATA ELEMENTS--GENERAL INFORMATION | |
| fixed length control field | 200206b2009 cau||||| |||| 00| 0 eng d |
| 020 ## - INTERNATIONAL STANDARD BOOK NUMBER | |
| International Standard Book Number | 9780470331897 |
| Terms of availability | RM200 |
| 040 ## - CATALOGING SOURCE | |
| Original cataloging agency | AKMAL |
| 082 ## - DEWEY DECIMAL CLASSIFICATION NUMBER | |
| Edition number | 22 |
| Classification number | 658.403 LEP |
| 090 ## - LOCALLY ASSIGNED LC-TYPE CALL NUMBER (OCLC); LOCAL CALL NUMBER (RLIN) | |
| Classification number (OCLC) (R) ; Classification number, CALL (RLIN) (NR) | 658.403 |
| Local cutter number (OCLC) ; Book number/undivided call number, CALL (RLIN) | LEP |
| 100 1# - MAIN ENTRY--PERSONAL NAME | |
| Personal name | Lepsinger, Richard, |
| Dates associated with a name | 1948- |
| 9 (RLIN) | 9158 |
| 245 14 - TITLE STATEMENT | |
| Title | The art and science of 360-degree feedback |
| Statement of responsibility, etc. | Richard Lepsinger, Anntoinette D. Lucia. |
| 250 ## - EDITION STATEMENT | |
| Edition statement | 2nd ed |
| 260 ## - PUBLICATION, DISTRIBUTION, ETC. | |
| Place of publication, distribution, etc. | San Francisco, CA |
| Name of publisher, distributor, etc. | Jossey-Bass |
| Date of publication, distribution, etc. | c2009. |
| 300 ## - PHYSICAL DESCRIPTION | |
| Extent | xxi, 298 pg. |
| Other physical details | illustration |
| Dimensions | 23cm |
| 504 ## - BIBLIOGRAPHY, ETC. NOTE | |
| Bibliography, etc. note | Includes bibliographical references (p. 287-292) and index. |
| 650 #0 - SUBJECT ADDED ENTRY--TOPICAL TERM | |
| Topical term or geographic name entry element | Organizational effectiveness. |
| 9 (RLIN) | 566 |
| 650 #0 - SUBJECT ADDED ENTRY--TOPICAL TERM | |
| Topical term or geographic name entry element | Feedback (Psychology) |
| 9 (RLIN) | 9159 |
| 700 1# - ADDED ENTRY--PERSONAL NAME | |
| Personal name | Lucia, Anntoinette D. |
| Dates associated with a name | 1951- |
| 9 (RLIN) | 9160 |
| 700 1# - ADDED ENTRY--PERSONAL NAME | |
| Personal name | Lepsinger, Richard, |
| Dates associated with a name | 1948- |t Art and science of 360⁰ feedback. |
| 9 (RLIN) | 9161 |
| 942 ## - ADDED ENTRY ELEMENTS (KOHA) | |
| Source of classification or shelving scheme | |
| Koha item type | Book |
| Withdrawn status | Lost status | Source of classification or shelving scheme | Damaged status | Not for loan | Collection code | Home library | Current library | Shelving location | Date acquired | Inventory number | Total Checkouts | Full call number | Barcode | Date last seen | Price effective from | Koha item type |
|---|---|---|---|---|---|---|---|---|---|---|---|---|---|---|---|---|
| NON-FICTION | AKMAL Melaka | AKMAL Melaka | PINJAMAN | 06.02.2020 | 011264 | 658.403 LEP | 201707816 | 06.02.2020 | 06.02.2020 | Book |
